00911nam a2200217 i 4500003000900000005001700009006001900026007000300045008004100048040003000089082001400119100003600133245018200169264006200351300003200413336002700445337003300472338002800505500012800533504003200661DO-SdBNP20240118083825.0a||||fr|||| 00| 0 ta240118e1903 dr ||||| m||| 00| 0 spa d aDO-SdBNPbspacBNPHUerda 4222bR457d1 aReyes, Francisco Honorioeautor13aLos derechos de la mujer y condición jurídica de la casada, desde el punto de vista del derecho internacional privado:btesis para la licenciatura /cFrancisco Honorio Reyes 1aSanto Domigo :b"La Cuna de América" J. R. Roque,c1903 a52 [3], páginas ;c23 cm. 2rdacontentatextobtxt 2rdamediaasin mediaciónbn 2rdacarrieravolumenbnc aJurado Examinador: Lcdo. Federico Henríquez y Carvajal, Presidente. Vocales: Lcd. Apolinar Tejera, Manuel de J. Galván. aBibliografía: página 53